Normal view
MARC view
- Wireless Communications and Networks 3G and Beyond
Entry Topical Term
001 - CONTROL NUMBER
- control field: 113047
003 - CONTROL NUMBER IDENTIFIER
- control field: NUST
005 - DATE AND TIME OF LATEST TRANSACTION
- control field: 20230607113700.0
008 - FIXED-LENGTH DATA ELEMENTS
- fixed length control field: 230607|| aca||aabn | a|a d
040 ## - CATALOGING SOURCE
- Original cataloging agency: NUST
- Transcribing agency: NUST
150 ## - HEADING--TOPICAL TERM
- Topical term or geographic name entry element: Wireless Communications and Networks 3G and Beyond
670 ## - SOURCE DATA FOUND
- Source citation: Work cat.: (NUST): Misra, Iti Saha 57870, Wireless Communications and Networks:, 2015.
